000 00637nam a2200229Ia 4500
003 OSt
005 20220918200426.0
006 a|||||r|||| 00| 0
007 ta
008 220917b |||||||| |||| 00| 0 eng d
024 _a88,719
037 _cTextual
040 _aARTS
_cARTS
_beng
041 _2eng
_aeng
082 _aU:671RN, J2
100 _aHurst H E
_994000
245 0 _aNile
_b a general account of the river and the utilization account of the eiver and the utilization ofd its waters
260 _c1952
650 _aGEOGRAPHY
942 _hU:671RN, J2
_cTEXL
_2CC
999 _c212389
_d212389